000 00273nam a2200121Ia 4500
008 190216s9999||||xx |||||||||||||| ||und||
100 _aFalle Hussain
245 0 _aHindi-Hua Jilse Sahar Ka Nam Roshan
260 _bAkthar
300 _a80
650 _aHindi
942 _cBK
999 _c16381
_d16381